ბათუმის შოთა რუსთაველის სახელმწიფო უნივერსიტეტის ბიბლიოთეკა

Стоительные нормы и правила СН и П II-7-81-4-II. Глава 7. Строительство в сейсмических районах. (ბიბ.ჩანაწერი № 35696)

000 -LEADER
fixed length control field 00652nam a2200205Ia 4500
001 - CONTROL NUMBER
control field 1569
003 - CONTROL NUMBER IDENTIFIER
control field GE_BSU
008 - FIXED-LENGTH DATA ELEMENTS--GENERAL INFORMATION
fixed length control field 181216s||||||||xx |||||||||||||| ||und||
040 ## - CATALOGING SOURCE
Transcribing agency GE_BSU
080 ## - UNIVERSAL DECIMAL CLASSIFICATION NUMBER
Universal Decimal Classification number 699.8
245 ## - TITLE STATEMENT
Title Стоительные нормы и правила СН и П II-7-81-4-II. Глава 7. Строительство в сейсмических районах.
245 ## - TITLE STATEMENT
Remainder of title Нормы проектирования.
260 ## - PUBLICATION, DISTRIBUTION, ETC.
Place of publication, distribution, etc. М.
260 ## - PUBLICATION, DISTRIBUTION, ETC.
Name of publisher, distributor, etc. Стройиздат.
260 ## - PUBLICATION, DISTRIBUTION, ETC.
Date of publication, distribution, etc. 1982.
300 ## - PHYSICAL DESCRIPTION
Extent 48 стр. 25 см.
653 ## - INDEX TERM--UNCONTROLLED
Uncontrolled term Стоительные нормы и правила.
942 ## - ADDED ENTRY ELEMENTS (KOHA)
Koha item type წიგნი
ეგზემპლარები
Withdrawn status Lost status Damaged status Not for loan Date acquired Barcode Date last seen Price effective from Koha item type
        2018-12-17 3071 2018-12-17 2018-12-17 წიგნი